Tess of the d'Urbervilles: a pure woman

Saved in:
Bibliografiske detaljer
Hovedforfatter: Hardy, Thomas, 1840-1928 (Author)
Format: Bog
Sprog:engelsk
Udgivet: Londres MacMillan 1906
Fag:
Tags: Tilføj Tag
Ingen Tags, Vær først til at tagge denne postø!

MARC

LEADER 00000nam a2200000 a 4500
001 UCP1461
003 CL-VaPUC
008 990409e19060000UK |||||||||||||||||eng|d
082 0 4 |a 823  |b HAR  |2 21 
100 |a Hardy, Thomas,  |d 1840-1928  |e author  |9 418616 
245 1 0 |a Tess of the d'Urbervilles: a pure woman 
300 |a 516 p 
942 |c BK 
945 |d 19990409 00:00:00  |a lriquelm 
260 |a Londres  |b MacMillan  |c 1906 
650 0 |a Novelas inglesas  |9 265220 
650 0 |a Literatura inglesa  |9 312907 
583 |a last modification  |c 19990409 00:00:00  |k Rodrigo Vera 
999 |c 280137  |d 280135 
952 |0 0  |1 0  |4 0  |6 823_000000000000000_HAR_1906  |7 0  |8 A  |9 320153  |a BIBEDU  |b BIBEDU  |d 2019-11-20  |i 1341332  |o 823 HAR 1906  |p 1341332  |r 2019-11-20  |w 2019-11-20  |y BK  |k LIT